Сборник докладов Всесоюзной конференции по незаразным заболеваниям сельскохозяйственных животных / (Record no. 393646)
[ view plain ]
| 000 -LEADER | |
|---|---|
| fixed length control field | 01091nam a2200229 a 4500 |
| 001 - CONTROL NUMBER | |
| control field | 000264333 |
| 003 - CONTROL NUMBER IDENTIFIER | |
| control field | AM-YEHGA |
| 005 - DATE AND TIME OF LATEST TRANSACTION | |
| control field | 20250618074745.0 |
| 008 - FIXED-LENGTH DATA ELEMENTS--GENERAL INFORMATION | |
| fixed length control field | 030922s1957 ai r 000 0 rus d |
| 040 ## - CATALOGING SOURCE | |
| Original cataloging agency | AM-YeHGA |
| 041 0# - LANGUAGE CODE | |
| Language code of text/sound track or separate title | rus |
| 090 ## - LOCALLY ASSIGNED LC-TYPE CALL NUMBER (OCLC); LOCAL CALL NUMBER (RLIN) | |
| -- | 395673 |
| 111 2# - MAIN ENTRY--MEETING NAME | |
| Meeting name or jurisdiction name as entry element | Всесоюзная конференция |
| 245 00 - TITLE STATEMENT | |
| Title | Сборник докладов Всесоюзной конференции по незаразным заболеваниям сельскохозяйственных животных / |
| Statement of responsibility, etc. | Отв. ред. Г.В. Камалян ; МСХ СССР, Ерев. Зооветеринар. ин-т. |
| 260 ## - PUBLICATION, DISTRIBUTION, ETC. | |
| Place of publication, distribution, etc. | Ереван : |
| Name of publisher, distributor, etc. | Б. и., |
| Date of publication, distribution, etc. | 1957. |
| 300 ## - PHYSICAL DESCRIPTION | |
| Extent | 314 с. : |
| Other physical details | ил., граф., табл., ; |
| Dimensions | 26 см. |
| 650 14 - SUBJECT ADDED ENTRY--TOPICAL TERM | |
| Topical term or geographic name entry element | Сельское хозяйство |
| 650 14 - SUBJECT ADDED ENTRY--TOPICAL TERM | |
| Topical term or geographic name entry element | Животноводство |
| 700 1# - ADDED ENTRY--PERSONAL NAME | |
| Personal name | Քամալյան, Գուրգեն Ոսկանի, |
| Dates associated with a name | 1909-1973 |
| Relator term | ред. |
| Relationship | edt |
| 9 (RLIN) | 1272 |
| 710 2# - ADDED ENTRY--CORPORATE NAME | |
| Corporate name or jurisdiction name as entry element | Зооветеринаринарный институт Министерства сельского хозяйства СССР |
| 942 ## - ADDED ENTRY ELEMENTS (KOHA) | |
| Koha item type | Գրքեր / Books |
| Source of classification or shelving scheme | Universal Decimal Classification |
| Withdrawn status | Lost status | Source of classification or shelving scheme | Damaged status | Not for loan | Collection | Home library | Current library | Date acquired | Total checkouts | Full call number | Barcode | Date last seen | Price effective from | Koha item type | Public note |
|---|---|---|---|---|---|---|---|---|---|---|---|---|---|---|---|
| Universal Decimal Classification | General | Fundamental Scientific Library | Fundamental Scientific Library | 19/10/2017 | PIII/684 | FL0465005 | 19/10/2017 | 19/10/2017 | Գրքեր / Books | 30 Days Loan | |||||
| Universal Decimal Classification | General | Fundamental Scientific Library | Fundamental Scientific Library | 02/11/2017 | PIII/866 | FL0465080 | 02/11/2017 | 02/11/2017 | Գրքեր / Books | 30 Days Loan | |||||
| Universal Decimal Classification | General | Fundamental Scientific Library | Fundamental Scientific Library | 02/11/2017 | PIII/867 | FL0465081 | 02/11/2017 | 02/11/2017 | Գրքեր / Books | 30 Days Loan | |||||
| Universal Decimal Classification | General | Fundamental Scientific Library | Fundamental Scientific Library | 16/01/2018 | PIII/5951 | FL0470631 | 16/01/2018 | 16/01/2018 | Գրքեր / Books | 30 Days Loan | |||||
| Universal Decimal Classification | Gharibyan individual Collection | Fundamental Scientific Library | Fundamental Scientific Library | 16/03/2022 | Гар/3533 | FL0675082 | 16/03/2022 | 16/03/2022 | Գրքեր / Books | ILL Non-Circ. |
ՀՀ Գիտությունների ազգային ակադեմիայի հիմնարար գիտական գրադարան = Fundamental Scientific Library of NAS RA
All site content, except where otherwise noted, is licensed under a